000 00405 a2200133 4500
000 nam a22 7a 4500
100 _aपुनिया, सुमन
110 _aपुनिया, सुमन
245 _aकुण्डलिनी: जागरण की रहस्यमयी शक्ति
250 _alatest edition
260 _bindu
_c2025
264 _bindu
_c2025
942 _cBK
999 _c396143
_d396143